| 000 | 00594nam a22001937a 4500 | ||
|---|---|---|---|
| 003 | KOHA_MİRAKIL | ||
| 005 | 20251218104306.0 | ||
| 008 | 251218b tu ||||| |||| 00| 0 tur d | ||
| 020 | _a9786054996049 | ||
| 040 |
_aTR-AnABB _btur _cTR-AnABB |
||
| 041 | _atur | ||
| 082 |
_a720.9561015 _bBEY 2015 |
||
| 100 | 1 | _aAdanır,Fatih, | |
| 245 | 1 | 0 |
_aBeylik ve Osmanlı dönemi Kahramanmaraş çeşmeleri ve köprüleri / _cFatih Adanır |
| 260 |
_aKahramanmaraş : _bKahramanmaraş Belediyesi, _c2012 |
||
| 300 |
_a146 sayfa ; _c23 cm |
||
| 650 | 0 | 4 | _aOsmanlı mimarisi |
| 942 |
_2ddc _cBK |
||
| 999 |
_c9762 _d9762 |
||
| 900 | _bGizem YORULMAZ | ||